000 00381nam a22001457a 4500
999 _c668
_d668
008 191113b ||||| |||| 00| 0 eng d
082 0 0 _a624
_bM8641
100 _aMorley, Arthur.
_9116
245 1 0 _aTheory of Structures
_cby Arthur Morley
250 _a5th ed.
260 _aLondon
_bLongmans Green and Co
_c1948
300 _axi, 617 p.
650 0 _aStructural Analysis
942 _cBK